| 000 | 00598pam a2200193 a 4500 | ||
|---|---|---|---|
| 020 | _a0824795954 (v. 1 : alk. paper) | ||
| 020 | _a0824795938 (v. 1 : alk. paper) | ||
| 020 | _a0824795946 (v. 2.: alk. paper) | ||
| 020 | _a0824795962 (v. 2.: alk. paper) | ||
| 040 | _cDLC | ||
| 082 | 0 | 0 | _a610 MAR 1995 A110 Or. |
| 245 | 0 | 0 | _aEncyclopedic handbook of biomaterials and bioengineering / |
| 260 |
_aNew York : _bMarcel Dekker, _cc1995. |
||
| 300 |
_a2 v. in 4 : _bill. ; _c26 cm. |
||
| 650 | 0 | _aBiomedical engineering | |
| 650 | 0 | _aBiomedical materials | |
| 700 | 1 | _aWise, Donald L. | |
| 942 | _cEK | ||
| 999 |
_c16711 _d16711 |
||